Statistics for Største byene i Norden

Click here to take the quiz!

General Stats

  • This quiz has been taken 540 times
  • The average score is 11 of 17

Answer Stats

befolkningby% Correct
942 kOslo
99%
248 kBergen
97%
1.37 milStockholm
95%
1.25 milKøbenhavn
93%
169 kTrondheim
92%
550 kGöteborg
88%
280 kMalmö
84%
204 kStavanger
81%
264 kAarhus
67%
1.18 milHelsingfors
66%
131 kAalborg
62%
175 kOdense
51%
201 kReykjavík
47%
255 kÅbo
32%
140 kUppsala
29%
317 kTammerfors
18%
188 kUleåborg
15%

Score Distribution

Percentile by Number Answered

Percent of People with Each Score

Your Score History

You have not taken this quiz